Таблицы для гидравлического расчета водопроводных труб: справочное пособие

Detalles Bibliográficos
Autor principal: Шевелев Ф. А. Фирс Александрович
Otros Autores: Шевелев А. Ф. Александр Фирсович
Sumario:Изложены принципы гидравлического расчета стальных, чугунных, асбестоцементных, железобетонных, полимерных и стеклянных водопроводных труб. Изд. 7-е вышло в 1995 г. Изд. 8-е дополнено данными для проведения гидравлического расчета труб ВЧШГ и пластмассовых труб по новому ГОСТу, а также таблицами по расчету металлических труб с защитными цементно-песчаными покрытиями и стеклопластиковых труб. Для научных и инженерно-технических работников научно-исследовательских и проектных организаций и служб эксплуатации.
Lenguaje:ruso
Publicado: Москва, Бастет, 2008
Edición:8-е изд., перераб. и доп.
Materias:
Formato: MixedMaterials Libro
KOHA link:https://koha.lib.tpu.ru/cgi-bin/koha/opac-detail.pl?biblionumber=144419

MARC

LEADER 00000nam0a2200000 4500
001 144419
005 20231031143657.0
010 |a 9785903178063 
035 |a (RuTPU)RU\TPU\book\156512 
090 |a 144419 
100 |a 20081002d2008 km y0rusy50 ca 
101 0 |a rus 
102 |a RU 
105 |a y go 001zy 
200 1 |a Таблицы для гидравлического расчета водопроводных труб  |e справочное пособие  |f Ф. А. Шевелев, А. Ф. Шевелев 
205 |a 8-е изд., перераб. и доп. 
210 |a Москва  |c Бастет  |d 2008 
215 |a 351 с. 
320 |a Библиогр.: с. 347-348. 
330 |a Изложены принципы гидравлического расчета стальных, чугунных, асбестоцементных, железобетонных, полимерных и стеклянных водопроводных труб. Изд. 7-е вышло в 1995 г. Изд. 8-е дополнено данными для проведения гидравлического расчета труб ВЧШГ и пластмассовых труб по новому ГОСТу, а также таблицами по расчету металлических труб с защитными цементно-песчаными покрытиями и стеклопластиковых труб. Для научных и инженерно-технических работников научно-исследовательских и проектных организаций и служб эксплуатации. 
610 1 |a водопроводные трубы 
610 1 |a гидравлический расчет 
610 1 |a расчетные формулы 
610 1 |a таблицы 
610 1 |a справочники 
610 1 |a водоснабжение 
675 |a 628.14(035)  |v 3 
700 1 |a Шевелев  |b Ф. А.  |g Фирс Александрович 
701 1 |a Шевелев  |b А. Ф.  |g Александр Фирсович 
801 1 |a RU  |b 63413507  |c 20081002  |g PSBO 
801 2 |a RU  |b 63413507  |c 20210609  |g PSBO 
900 |a Гидравлика 
942 |c BK 
959 |a 86/20081002  |d 1  |e 684,00  |f ЧЗТЛ:1 
959 |a 82/20090820  |d 10  |e 395,00  |f АНЛ:1  |f УФ:9